[Event "Najdorf Memorial 12th"]
[Site "Buenos Aires"]
[Date "2001.09.12"]
[Round "8"]
[White "Short, Nigel D"]
[Black "Felgaer, Ruben Alejandro"]
[Result "1-0"]
[WhiteElo "2664"]
[BlackElo "2471"]
[Annotator "Ftacnik,L"]
[PlyCount "81"]
[EventDate "2001.09.04"]
[EventType "tourn"]
[EventRounds "9"]
[EventCountry "ARG"]
[EventCategory "14"]
[SourceTitle "CBM 085"]
[Source "ChessBase"]
[SourceDate "2001.11.13"]
[SourceVersion "1"]
[SourceVersionDate "2001.11.13"]
[SourceQuality "1"]

1. e4 c5 2. Nf3 Nc6 3. d4 cxd4 4. Nxd4 g6 5. c4 Bg7 6. Be3 Nf6 7. Nc3 O-O 8.
Be2 d6 9. O-O Bd7 10. Nc2 a6 11. f3 Rc8 12. Rc1 Re8 13. Qd2 Qa5 14. Rfd1 Ne5 (
14... Red8 15. b4 $1 Qh5 (15... Nxb4 16. Nxb4 Qxb4 17. Rb1 Qa5 18. Bb6 $16) 16.
Nd5 $14) 15. b4 Qd8 16. Na3 {Short enjoyes solid space advantage, but his
pawns will require full piece support.} a5 (16... Bc6 17. b5 axb5 18. cxb5 Bd7
19. b6 $14) 17. b5 Be6 (17... b6 $2 18. Na4 $1 Rb8 19. Bd4 Qc7 20. Qe3 $18) 18.
Na4 Nfd7 (18... Ned7 19. b6 $16) 19. b6 $1 Nc5 (19... Nc6 20. Nb5 Nb4 (20...
Rf8 21. Nc7 Bf6 22. f4 $16) 21. a3 Nc6 22. Nc7 Rf8 23. Nxe6 fxe6 24. c5 $16) (
19... Ra8 $2 20. Nb5 $16) 20. Nxc5 dxc5 21. Qxa5 (21. Qxd8 Rexd8 22. Rxd8+ Rxd8
23. Bxc5 Rd2 24. Rc2 Rxc2 25. Nxc2 Bxc4 26. Bxc4 Nxc4 $13) 21... Nd7 (21... Bd7
$2 22. Bxc5 $18) 22. Nb5 Ra8 (22... Qxb6 23. Qxb6 Nxb6 24. Kf2 $14) 23. Qd2
Qxb6 24. f4 Nf6 25. Qc2 {[%mdl 32] Black pieces are struggling to find the
suitable squares, even the queen on b6 is not exactly comfortable.} Bg4 (25...
Ng4 $5 26. Bxg4 Bxg4 27. Rd5 Rec8 28. Qf2 Qa5 29. Rxc5 Qxa2 30. Rxc8+ Bxc8 31.
Qxa2 Rxa2 32. Rd1 Bg4 33. Rd8+ Bf8 34. Nc7 $14) 26. e5 Bf5 (26... Bxe2 27. Qxe2
Ne4 28. Rd7 $1 $14) 27. Qb3 Ng4 $6 (27... Nd7 28. Rd2 Rad8 29. Rcd1 $14) 28.
Bd2 (28. Bxg4 Bxg4 29. Rd5 Rec8 $11) 28... h5 (28... Red8 29. h3 Nh6 30. Be3
$14) 29. Bf3 Red8 30. Be1 f6 (30... Rxd1 31. Rxd1 Rd8 32. Rxd8+ Qxd8 33. h3 Nh6
34. Bxb7 Qd3 35. Bf3 $18) (30... Bh6 31. g3 Bg7 32. a4 $16) 31. a4 $5 (31. exf6
Nxf6 32. Rxd8+ Rxd8 33. Qe3 $14) 31... fxe5 32. a5 Qf6 (32... Qa6 33. Nc7 $18)
33. h3 $1 {Black position is aflling to pieces, white was able to avert the
attack and win b7 pawn.} exf4 (33... Rxd1 34. Rxd1 Bc2 35. Qxc2 Ne3 36. Qe2
Nxd1 37. fxe5 Qxe5 38. Qxd1 $18) (33... Nh6 34. Bxb7 Rab8 35. a6 $18) 34. hxg4
hxg4 35. Bxb7 Rxd1 (35... Rab8 36. a6 $18) 36. Rxd1 Rf8 37. g3 (37. a6 Bc8 38.
Bc3 $18) 37... f3 (37... e5 38. Bf2 Qe7 39. Nd6 $18) 38. Qe3 Kh7 (38... Be6 39.
Qxc5 Qb2 40. Bf2 Qb3 41. Rc1 Rd8 42. Qxe7 Rd1+ 43. Rxd1 Qxd1+ 44. Kh2 Bxc4 45.
Qe8+ Kh7 46. Be4 $18) 39. Rd2 $1 Qa1 40. Rh2+ Kg8 41. Bd5+ 1-0

[Event "Zonal Randers Preliminaries A"]
[Site "Randers"]
[Date "1982.01.??"]
[Round "11"]
[White "Wedberg, Tom Birger"]
[Black "Kagan, Shimon"]
[Result "0-1"]
[WhiteElo "2435"]
[BlackElo "2425"]
[Annotator "Gagarin,V"]
[PlyCount "80"]
[EventDate "1982.01.09"]
[EventType "tourn"]
[EventRounds "11"]
[EventCountry "DEN"]
[EventCategory "7"]
[SourceTitle "MCL"]
[Source "ChessBase"]
[SourceDate "1999.07.01"]
[SourceVersion "1"]
[SourceVersionDate "1999.07.01"]
[SourceQuality "1"]

1. e4 c5 2. Nf3 Nc6 3. d4 cxd4 4. Nxd4 g6 5. c4 Bg7 6. Be3 Nf6 7. Nc3 O-O 8.
Be2 d6 9. O-O Bd7 10. Rc1 Nxd4 11. Bxd4 Bc6 12. f3 a5 13. Kh1 $6 (13. b3 Nd7 (
13... Bh6 $5 14. Rc2 Nd7 15. Kh1 Nc5 16. Nd5 Bg7 17. Bg1 $5 $14) 14. Be3 (14.
Bxg7 Kxg7 15. Qd4+ (15. Kh1 Qb6 $10) 15... Kg8 16. Rfd1 Qb6 (16... Nc5 17. e5
Qb6 18. exd6 exd6 19. Rb1 $16) 17. Qxb6 Nxb6 18. f4 $14 {Eingorn,V-Vaisman/URS/
1978/}) 14... Nc5 15. a3 (15. Qd2 Qb6 16. Nb5 f5 17. exf5 gxf5 $13) (15. Kh1
Qb6 16. Nb5 Rfc8 17. Qd2 Qd8 18. Rfd1 b6 19. Nc3 Qd7 $10) 15... h5 $5 (15...
Qb6 16. Nb5 Bxb5 17. cxb5 $14 {Marjanovic,S-Kagan,S/EU-chT Skara/1980/1:0/35/})
(15... b6 $5 16. Qc2 Qb8 17. Rcd1 Rc8 18. Nd5 $14 {Van der Wiel,J-Petursson,M/
Biel izt/1985/1/21/2/53/}) 16. Kh1 Kh7 17. b4 axb4 18. axb4 Ra3 $1 19. bxc5
Bxc3 $10 {Ernst,Th-Larsen,B/Ostersund zt/1992/1:0/65/}) (13. Qd2 Nd7 14. Be3 $1
(14. Bxg7 Kxg7 15. Qd4+ Kg8 16. Rc2 Qb6 $10) 14... Nc5 15. Rc2 a4 $5 16. Rb1
Re8 17. Bf1 b6 18. Qf2 $14 {Gavrikov,V-Serper,G/Irkutsk/1986/1:0 /72/}) (13. c5
e5 14. Be3 $1 (14. Bf2 Bh6 $1 15. Rc2 d5 $10 {Shirov,A-Damljanovic,B/Manila
izt/1990/1/2-1/2/41/}) 14... d5 15. Bg5 d4 16. Nb5 h6 17. Bh4 $14 {Todorovic,G.
M/Abramovic,B/JUG/1992/}) 13... a4 $5 (13... Nd7 14. Be3 Nc5 15. b3 $14 {
Groszpeter,A-Reeh,O/Kecskemet/1990/0:1/42/}) 14. Qd2 Qa5 15. Rfd1 Rfc8 16. Rc2
Nd7 17. Bxg7 (17. Be3 $5) 17... Kxg7 18. Rdc1 (18. f4 $5) 18... Nf6 $10 19. Qd4
Qg5 20. Rf1 Ra5 21. Bd3 (21. f4 Qc5 $1 $15) 21... Qc5 $1 22. Qxc5 Rxc5 23. Rfc1
g5 $1 24. Nd5 (24. b4 axb3 25. axb3 $10) 24... Bxd5 $1 25. cxd5 $2 (25. exd5
R8c7 (25... Nd7 $2 26. Bf5 $10) 26. b4 axb3 27. axb3 $132) 25... Nd7 $17 26.
Kg1 Kf6 27. Kf2 Ke5 28. Ke3 Rxc2 29. Rxc2 Rxc2 30. Bxc2 Nb6 (30... Nc5 $6 31.
g3 $132 {P f4}) 31. Kd3 (31. g3 Nc4+ 32. Kd3 Nxb2+ 33. Kc3 a3 34. Kb3 (34. Bb3
g4 $17) 34... Kd4 35. Kxa3 Kc3 $1 36. Bb3 b5 $1 $19) 31... f5 $1 {<-> d5} 32.
Kc3 h5 33. Kb4 (33. Kd3 fxe4+ 34. fxe4 Nd7 $17) 33... fxe4 34. fxe4 $6 (34.
Bxe4 $5 Kd4 $17) 34... Kd4 35. Kb5 (35. Bxa4 $2 Nxa4 36. Kxa4 Kxe4 37. Kb5 Kxd5
$19) 35... Nc4 36. Bxa4 Nxb2 37. Bb3 (37. Bc2 Nc4 38. Bd1 h4 $17) 37... Nd3 38.
Bd1 $6 (38. Kb6 $5 $132 Nc5 39. Bc2 g4 $5 (39... h4 40. Kc7 $132) (39... Kc3
40. Bd1 g4 41. h3 $1 Kd2 $2 42. hxg4 Kxd1 43. gxh5 Nxe4 44. h6 Ng5 45. Kxb7 $18
) 40. Kc7 (40. h3 g3 $19) 40... Kc3 41. Bb1 (41. Bd1 Kd2 42. Bb3 Ke3 43. Kd8
Nxb3 44. axb3 Kxe4 $19) 41... Kb2 42. e5 Kxb1 43. e6 Nd3 44. Kd8 Nf4 45. Kxe7
Nxd5+ 46. Kxd6 Nf6 47. Ke7 Ne4 $1 $19) 38... h4 39. Bf3 (39. Kb6 Nf2 40. Bc2 (
40. Bf3 Ke3 {P h3} 41. h3 Nxh3 42. Kxb7 Nf2 $19) 40... Kc3 41. Bb3 Nxe4 42.
Kxb7 Nc5+ 43. Kc6 Nxb3 44. axb3 Kxb3 45. Kd7 Kc4 $19) 39... Ke3 40. h3 (40. Kb6
h3 41. Kxb7 g4 $1 $19) 40... Ne5 (40... Ne5 41. Kb6 (41. Bh5 Kf2 42. Kb6 Kxg2
43. Kxb7 g4 $1 $19) 41... Nxf3 42. gxf3 Kxf3 43. Kxb7 g4 $1 $19) 0-1

[Event "Interzonal-15"]
[Site "Manila"]
[Date "1990.??.??"]
[Round "3"]
[White "Gelfand, Boris"]
[Black "Anand, Viswanathan"]
[Result "1-0"]
[WhiteElo "2680"]
[BlackElo "2610"]
[Annotator "Gelfand,B"]
[PlyCount "105"]
[EventDate "1990.06.29"]
[EventType "swiss"]
[EventRounds "13"]
[EventCountry "PHI"]
[SourceTitle "CBM 019"]
[Source "ChessBase"]
[SourceDate "1990.12.01"]
[SourceVersion "1"]
[SourceVersionDate "1990.12.01"]
[SourceQuality "1"]

1. Nf3 c5 2. c4 Nc6 3. d4 cxd4 4. Nxd4 g6 5. e4 Bg7 6. Be3 Nf6 7. Nc3 O-O 8.
Be2 d6 9. O-O Bd7 10. Qd2 Nxd4 11. Bxd4 Bc6 12. f3 a5 13. b3 Nd7 14. Be3 Nc5
15. Rab1 Qb6 16. Rfc1 Qb4 (16... Rfc8 $5) 17. Rc2 Rfc8 18. Qc1 Qb6 19. a3 (19.
Kh1 $5) 19... Qd8 20. Qd2 (20. b4 axb4 21. axb4 Na4 22. Nd1 $14 {Dimitrov -
Moldovan, St.Zagora 1990}) 20... e6 21. Bf1 Be5 22. b4 (22. Ne2 $5) 22... axb4
23. axb4 Na4 24. Ne2 Qh4 25. g3 Qe7 26. Nd4 Be8 27. Rbc1 (27. Nb3 b5 $5 $132)
27... Nb6 (27... Rc7 28. Nb3 Rac8 29. c5 $5 $14) 28. Nxe6 (28. f4 Bg7 29. c5 $1
(29. Nf3 Nd7 $13) 29... dxc5 30. bxc5 Na4 31. Nb5 $16) (28. Nb5 Bxb5 29. cxb5
$14) 28... Qxe6 (28... Nxc4 29. Rxc4 Rxc4 30. Bxc4 fxe6 31. f4 Bg7 32. Rd1 $16)
29. Bxb6 Ra3 $6 (29... d5 $5 30. Qf2 (30. c5 $6 dxe4 31. fxe4 Bc6 32. Bc4 Qg4
33. Bd5 Ra3 $1 34. Qe2 Qg5 $40) (30. Bf2 dxe4 31. fxe4 Bc6 (31... Rd8 32. Qe1
$14 {/\b5 x Be8}) 32. Qe3 $14) 30... dxe4 31. fxe4 $16) 30. f4 (30. Qf2 $16)
30... Bg7 31. Qd5 Bc6 $1 $8 (31... Qe7 $2 32. c5 Bc6 33. cxd6 $18) 32. Qxe6
fxe6 33. Bg2 e5 34. Rd2 (34. f5 $5 Bh6 $5 $132) 34... exf4 35. gxf4 Bc3 (35...
Bh6 $5) (35... Rf8 $5) 36. Rxd6 Bxb4 37. c5 Rf8 38. e5 $1 Bxg2 39. Kxg2 Rxf4
40. e6 Re4 41. Rd8+ (41. Bd8 $2 Re2+ 42. Kf1 Raa2) 41... Kg7 42. Rd7+ Kh6 (
42... Kf6 43. Bd8+) 43. e7 Re2+ 44. Kf1 Raa2 (44... Rae3 45. Rxb7 $1 (45. c6 $2
bxc6 $1 46. Bxe3+ Rxe3 47. Rxc6 Rxe7 $1 $10) 45... Rxe7 46. Rxe7 Rxe7 47. c6
$18) 45. Bc7 Ba3 46. Re1 Rf2+ 47. Kg1 Bxc5 48. Kh1 $1 (48. e8=Q $2 Rxh2+ 49.
Re3 Rag2+ 50. Kf1 Rf2+ 51. Ke1 $2 Bb4+ $1 52. Kd1 Rh1+ $10) 48... Bxe7 49.
Rdxe7 $18 Rf5 50. Bb6 Rf6 51. Be3+ g5 52. Rg1 Rf4 53. Bxf4 {Gelfand,Kapengut}
1-0

[Event "Kfar Sava op 20th"]
[Site "Kfar Sava"]
[Date "2002.08.03"]
[Round "5"]
[White "Golod, Vitali"]
[Black "Gruenfeld, Yehuda"]
[Result "1-0"]
[WhiteElo "2538"]
[BlackElo "2512"]
[Annotator "Golod,V"]
[PlyCount "59"]
[EventDate "2002.08.01"]
[EventType "swiss"]
[EventRounds "5"]
[EventCountry "ISR"]
[SourceTitle "CBM 091"]
[Source "ChessBase"]
[SourceDate "2002.11.12"]
[SourceVersion "1"]
[SourceVersionDate "2002.11.12"]
[SourceQuality "1"]

{This was the last game in this tournament.We shared third place with many
other players (3 point of 4 games) and it was clear,that I need only win.} 1.
d4 Nf6 2. c4 g6 3. Nc3 Bg7 {I completely accepted a choice of a debut of my
contender.} 4. e4 O-O 5. Nf3 c5 6. Be2 cxd4 7. Nxd4 d6 8. O-O Nc6 9. Be3 Bd7
10. f3 Nxd4 ({Black could bring some corrective amendments to my plans:} 10...
Qb6 $5 {[%csl Rb2,Gb6,Gc6,Rd4,Gg7][%cal Gf6g4]} 11. Na4 Qa5) 11. Bxd4 a5 12. b3
Bc6 13. Kh1 {This move allows to exchange the black-squares BB. Besides,white
has two options:} (13. Qd2 $5 Nd7 14. Be3 {[%csl Ge3,Yg7]}) ({and} 13. Rc1 {
[%csl Yc1][%cal Yc1c3]}) 13... Nd7 14. Bxg7 ({Also deserves attention:} 14. Rb1
Bxd4 15. Qxd4 Qb6 16. Qd2 Nc5 $6 (16... Qb4 $5) 17. Qb2 Rfc8 18. a3 Qd8 19. Qd2
Qf8 20. Qe3 $14 {Dorin,M-Hoffman,A/Mar del Plata,1999(1/2-1/2)(34)}) 14... Kxg7
15. a3 ({Is a possible continuations of the play:} 15. Rb1) ({and} 15. Qd2)
15... Qb6 16. Qd2 (16. Rb1 $143 Qe3 $1 {[%csl Ge3] and I should early or late
change the queens.}) 16... Kg8 $6 $146 (16... Nc5 $1 {(an strong idea which
was mentioned by Gruenfeld Yehuda after the game)} 17. Qd4+ (17. Rab1 $6 Nxb3
18. Qb2 a4 19. Nd5+ (19. Nxa4+ $143 Qd4 {[%csl Ra4]}) 19... Qd4 20. Nxe7 Rfe8
21. Nxc6 bxc6 22. Rfd1 Qxb2 23. Rxb2 Red8 $11 {Todorovic,B-Batkovic,R/Tivat,
1995(1/2-1/2)(44)}) 17... Kg8 18. Qe3 Rfc8 $11 {[%cal Gc5a4] /\Na4 and
exchange NN or QQ.} (18... Qxb3 $4 19. Rfb1 Qc2 20. Ra2 {[%csl Rc2]})) (16...
Qxb3 $4 17. Rfb1 {[%csl Rb3]}) 17. Rab1 Nc5 18. b4 $14 axb4 (18... Na4 $144 19.
Nd5 (19. Nxa4 $6 Bxa4 $140 20. b5 {[%csl Ra4]} Qc5 $13) 19... Qd8 20. Ra1 axb4
21. axb4 {see the game,after 21.Ra1}) 19. axb4 Na4 (19... Ne6 20. Rfd1 $14 {
[%csl Yd1,Yd2,Rd4]}) 20. Nd5 {[%csl Rb6,Re7]} Qd8 ({After:} 20... Bxd5 21. exd5
{[%csl Rg8][%cal Gf3f4,Gf4f5] white has a big positional advantage.}) 21. Ra1 {
My position becomes better with each move.} e6 $6 (21... Nb6 $142 {[%cal Gb6d5]
}) 22. Ne3 {[%csl Rd6]} Qg5 23. Ra3 $1 {[%cal Ya3h3]} Nb6 24. Rd3 $16 {[%csl
Rd6]} Rfd8 25. b5 $1 Be8 26. f4 {[%csl Rd6,Rg8] It is a signal to attack.} Qc5
(26... Qe7 27. f5 $40) 27. f5 {[%cal Ge3g4]} exf5 $2 ({More stubborn
resistance after:} 27... h5 $8 {[%csl Yh5][%cal Yh5g4]} 28. Nd5 $1 (28. f6 $143
Qg5 29. c5 Nc8 30. Nc2 Qxd2 31. Rxd2 $16) 28... exd5 (28... Nxd5 $143 29. cxd5
exf5 30. exf5 Bxb5 31. Qh6 $18 {[%csl Rg8][%cal Gf5g6,Gf5f6]}) 29. Qh6 {
[%cal Gf5f6]} f6 $8 (29... Nd7 $2 30. fxg6 fxg6 31. Rdf3 $18 {[%cal Gf3f8]})
30. fxg6 Rd7 31. Rh3 $1 {[%csl Rg8][%cal Gh3h5]} (31. Rxf6 $2 Rg7 $1 (31...
Ra1+ $2 32. Bd1 Rxd1+ (32... Rg7 $144 33. Rf8+ $1 Kxf8 34. Qh8+ Ke7 (34... Rg8
$2 35. Qf6+ Bf7 36. Qxf7#) 35. Qxg7+ $18 {[%csl Ra1,Re7]}) 33. Rxd1 Rg7 34.
Rf8+ $1 Kxf8 35. Qh8+ Ke7 (35... Rg8 $2 36. Qf6+ Bf7 37. Qxf7#) 36. Qxg7+ Kd8
37. Qf6+ Kc8 38. g7 $18 {[%csl Gg7][%cal Gg7g8]}) 32. Rf8+ Kxf8 33. Qh8+ Ke7 (
33... Rg8 $2 34. Qf6+ Bf7 35. Qxf7#) 34. Qxg7+ Kd8 35. Qf6+ Kc7 36. g7 Nd7 $13
{[%csl Rh1]}) 31... Rg7 32. Bxh5 $1 {[%csl Rg8,Gh3,Gh6][%cal Gh5g4,Gg4e6]} Qf2
{[%csl Rh1]} 33. Be2 {[%csl Rg8][%cal Gh6h8]} Qxf1+ 34. Bxf1 Bxg6 35. exd5 $18)
28. exf5 d5 29. Ng4 $18 {[%cal Gd2h6]} Rd6 ({Also loses right away:} 29... Nxc4
30. Qh6 {[%csl Rg8][%cal Gg4f6]} Qe7 31. fxg6 fxg6 $8 32. Nf6+ Kh8 33. Nxh7 {
with mate in 3 moves.}) 30. Qh6 {After this move black resigns,because of next
variants:} (30. Qh6 {[%cal Gf5f6]} gxf5 (30... f6 31. Rh3 Qc7 32. c5 $1 {
[%csl Rb6,Rd6,Rh7][%cal Yc7c5,Yc7h7]}) 31. Nf6+ Rxf6 32. Qxf6 $18 {In a result
I have divided 1-5 places.}) 1-0

[Event "Gashimov Memorial 2nd"]
[Site "Shamkir"]
[Date "2015.04.20"]
[Round "4"]
[White "So, Wesley"]
[Black "Mamedov, Rauf"]
[Result "1-0"]
[WhiteElo "2788"]
[BlackElo "2658"]
[Annotator "Havasi,G"]
[PlyCount "81"]
[EventDate "2015.04.17"]
[EventType "tourn"]
[EventRounds "9"]
[EventCountry "AZE"]
[EventCategory "21"]
[SourceTitle "CBM 166"]
[Source "ChessBase"]
[SourceDate "2015.05.11"]
[SourceVersion "1"]
[SourceVersionDate "2015.05.11"]
[SourceQuality "1"]

1. e4 c5 2. Nf3 Nc6 3. d4 cxd4 4. Nxd4 g6 {Black plays the Accelerated Dragon
line.} 5. c4 {And White chooses the Maroczy setup.} Nf6 6. Nc3 d6 7. f3 (7. Be2
{is the other move.}) 7... Bg7 8. Be3 O-O 9. Be2 (9. Qd2 {is the other move.})
9... Nh5 $5 {Black immediately tries to create counterplay.} (9... Nxd4 10.
Bxd4 Be6 {or}) (9... Bd7 {are the usual moves.}) 10. g3 {And White plays the
most natural move, preventing ...Nf4.} Nxd4 {Black employs a typical plan to
make Be6 possible.} (10... Bh3 11. Nxc6 bxc6 12. g4 $36) (10... Bd7 {would be
another possibility, after which White plays} 11. Qd2 {with chances for both
sides.}) 11. Bxd4 Be6 (11... Qa5 {was played in a correspondence game} 12. O-O
Bh3 13. Re1 Qg5 14. Kf2 Nf6 15. Bf1 Qh6 16. Bxh3 Qxh3 17. Kg1 Rfe8 18. b3 $14 {
0-1 (42) Huzita,S (1865)-Hassim,U (2308) ICCF email 2011}) 12. f4 {White
forces the N to go back.} (12. O-O {is also good.}) 12... Nf6 13. O-O Rc8 14.
b3 Qa5 $6 {This is an inaccuracy, but of course a very logical plan.} (14...
Bh3 $1 {seems an energetic move} 15. Rf2 e5 16. fxe5 dxe5 17. Bxe5 Nxe4 18.
Bxg7 Qxd1+ 19. Bxd1 Nxf2 20. Bxf8 Nxd1 21. Rxd1 Kxf8 $11) 15. f5 $1 Bd7 16. a3
{White prepares for b4.} (16. Qd3 $5 $14 {followed by Qe3.}) 16... e6 (16...
Bc6 17. b4 $14) 17. b4 (17. g4 $1 $36 {is also even good.}) 17... Qd8 18. fxg6
fxg6 19. e5 dxe5 20. Bxe5 (20. Bxa7 $1 {may be even better, the P is less
valuable.}) 20... Bc6 $1 {Black tries to generate counterplay.} 21. b5 $1 {
Also the only try.} Ne4 22. Qxd8 Rcxd8 $1 (22... Rfxd8 {is bad} 23. bxc6 Nxc3
24. cxb7 $1 Nxe2+ 25. Kg2 Bxe5 26. bxc8=Q Rxc8 27. Rae1 $16) 23. Rxf8+ Rxf8 24.
Bxg7 Kxg7 25. Rc1 $1 {The only good move.} Nxc3 26. Rxc3 $14 {White has
managed to get a favourable ending.} Bd7 27. c5 Rc8 (27... Rf7 28. a4 $36) 28.
a4 Kf6 (28... e5 29. Kf2 $36 {White simply improves the pieces and wins the
game on the Q-side.}) 29. Kf2 Ke5 30. Ke3 Be8 31. Bf3 Rc7 32. Kd3 $1 g5 33. Kc4
h5 34. a5 $18 {White has simply got a winning position.} g4 35. b6 axb6 36.
axb6 Rd7 37. Re3+ Kf6 38. c6 bxc6 39. Bxc6 Rd8 40. Bxe8 Rxe8 41. b7 1-0

[Event "Bundesliga 0203"]
[Site "Germany"]
[Date "2003.03.08"]
[Round "12.3"]
[White "Espig, Lutz"]
[Black "Jirovsky, Milos"]
[Result "1/2-1/2"]
[WhiteElo "2425"]
[BlackElo "2457"]
[Annotator "Hecht,H"]
[PlyCount "265"]
[EventDate "2002.10.19"]
[EventType "team-tourn"]
[EventRounds "15"]
[EventCountry "GER"]
[SourceTitle "CBM 094"]
[Source "ChessBase"]
[SourceDate "2003.05.26"]
[SourceVersion "1"]
[SourceVersionDate "2003.05.26"]
[SourceQuality "1"]
[WhiteTeam "Plauen"]
[BlackTeam "Forchheim"]
[WhiteTeamCountry "GER"]
[BlackTeamCountry "GER"]

1. Nf3 c5 2. c4 g6 3. d4 cxd4 4. Nxd4 Bg7 5. e4 Nc6 6. Be3 Nf6 7. Nc3 O-O 8.
Be2 d6 9. O-O Bd7 10. Nc2 Qa5 11. f3 Rfc8 12. Qd2 Ne5 13. Na3 Be6 14. Nd5 Qxd2
15. Bxd2 Kf8 16. Rac1 Nfd7 17. Nb5 Nc5 18. Ndc7 Rab8 19. Nxe6+ Nxe6 20. Nxa7
Nd4 21. Kf2 Nxe2 22. Kxe2 Rxc4 23. b3 Rxc1 24. Rxc1 Ke8 25. Nb5 Nc6 26. a4 Kd7
27. Bc3 Bxc3 28. Rxc3 f5 29. exf5 gxf5 30. f4 Rg8 31. Kf2 Rg4 32. g3 Rg6 33.
Rd3 Rh6 34. Kg2 Re6 35. Kf2 Re4 36. Nc3 Rd4 37. Ke3 Rb4 38. Nd5 Re4+ 39. Kf2
Nb4 40. Rd2 Nxd5 41. Rxd5 e6 42. Rb5 Kc6 43. Kf3 h5 44. h3 d5 45. g4 hxg4+ 46.
hxg4 fxg4+ 47. Kxg4 {[#] Taktik!} d4 48. Rb4 {Fesselung!} e5 49. Kf5 d3 $1 {
[%mdl 4160] Entfesselung!} 50. Kxe4 (50. Rxe4 d2 {[%csl Gd4,Ge1]} 51. fxe5 d1=Q
52. e6 Qxb3 53. e7 Qf3+ 54. Ke5 (54. Rf4 Qd5+ 55. Kf6 Kd7 $19) 54... Kd7 55.
Kd4 Ke8 $19 {[%csl Ra4]}) 50... d2 {[%cal Ge5d4]} 51. Kxe5 d1=Q {Der Rest ist
ein langwieriges Endspiel, das die Turmseite sicher remis hält, nachdem der
König sich auf a7 verstecken kann.} 52. Rc4+ Kb6 53. Rb4+ Kc7 54. Rb5 Qf3 55.
Rc5+ Kd7 56. Rd5+ Ke7 57. Rb5 Kf7 58. Kf5 Qg2 59. Ke5 Kg6 60. Rb6+ Kh5 61. Kd6
Qg7 62. Rb5+ Kh4 63. Ke6 Qg6+ 64. Ke7 Qe4+ 65. Kd8 Qc6 66. Ke7 Kg4 67. f5 Kg5
68. f6+ Kg6 69. f7 Qc7+ 70. Ke6 Qxf7+ 71. Kd6 Kf6 72. Kc5 Ke5 $5 {möchte
hinter die feindlichen Linien gelangen.} (72... Qc7+ $142 73. Kb4 Ke6 {und
Schwarz kann nur mittels Zugzwang gewinnen, indem der weiße König patt gesetzt
wird, wenn es denn möglich ist.}) 73. Kb6+ Kd6 74. Ka7 b6+ 75. Ka6 Kc7 76. Rxb6
Qf3 77. a5 Qd3+ 78. Ka7 Qd4 79. b4 Kc8 80. Ka8 Qf4 81. Ka7 Qe5 82. Rc6+ Kd7 83.
Rb6 Qd4 84. Kb7 Qd5+ 85. Ka7 Kc7 86. Ka6 Kc8 87. Ka7 Qe4 88. Rb8+ Kc7 89. Rb6
Qe2 90. Rb7+ Kc6 91. Rb6+ Kd5 92. Kb7 Qe7+ 93. Ka6 Qd7 94. Rb5+ Kc4 95. Rb7 Qd8
96. Ka7 Qc8 97. Rb8 Qc6 98. Rb6 Qd5 99. Rb7 Qf3 100. Rb8 Kd5 101. Rb6 Qf8 102.
Rb5+ Kd4 103. Rb8 Qf4 104. Rb7 Kd5 105. Rb6 Qc4 106. Rb8 Qe4 107. Rb6 Qf3 108.
Kb7 Qf7+ 109. Ka8 Qc7 110. Rb5+ Kd4 111. Rb7 Qh2 112. Ka7 Kd5 113. Rb6 Qg1 114.
Kb7 Qg7+ 115. Ka8 Qc7 116. Rb5+ Kd4 117. Rb7 Qc8+ 118. Ka7 Kc4 119. Rb8 Qh3
120. Rb7 Kd5 121. Rb5+ Kd6 122. Rb6+ Kc7 123. Rb7+ Kd6 124. Rb6+ Kd5 125. Rb5+
Kc4 126. Rb7 Qg3 127. Rb8 Kd5 128. Rb6 Qc7+ 129. Rb7 Qh2 130. Rb6 Qh8 131. Rb5+
Kc4 132. Rb8 Qh1 133. Rb6 1/2-1/2

[Event "Petrov Memorial op"]
[Site "St Petersburg"]
[Date "1996.??.??"]
[Round "1"]
[White "Filippov, Valerij"]
[Black "Novgorodskij, Vladimir"]
[Result "1-0"]
[WhiteElo "2530"]
[BlackElo "2325"]
[Annotator "Hecht,H"]
[PlyCount "111"]
[EventDate "1996.02.??"]
[EventType "swiss"]
[EventRounds "9"]
[EventCountry "RUS"]
[SourceTitle "CBM 052"]
[Source "ChessBase"]
[SourceDate "1996.06.01"]
[SourceVersion "1"]
[SourceVersionDate "1996.06.01"]
[SourceQuality "1"]

1. Nf3 c5 2. c4 Nf6 3. Nc3 g6 4. e4 Bg7 5. d4 cxd4 6. Nxd4 O-O 7. Be2 Nc6 8.
Be3 d6 9. O-O Bd7 10. Qd2 Nxd4 11. Bxd4 Bc6 12. f3 Qa5 13. a3 Rfc8 14. b4 Qd8
15. Rac1 b6 16. Rfd1 Qf8 17. Be3 Nd7 18. Nd5 Nf6 19. Re1 Nxd5 20. cxd5 Bb7 21.
Bb5 a6 22. Bd7 Rxc1 23. Rxc1 Qd8 24. Bc6 Rb8 25. Bxb7 Rxb7 26. Rc6 h5 27. a4
Kh7 28. Qd3 Qh8 29. Rxb6 Rxb6 30. Bxb6 {DL-DL: gleichfarbige L, Freibauer
gegen Dauerschachversuche} Qc8 31. Be3 h4 32. Kf1 Bh6 33. f4 (33. Bxh6 $5 Kxh6
34. Ke2 g5 35. Kd2 $16) 33... Qh8 34. Qd4 (34. Qa3 Qc8 35. Qb3 h3 $132) 34...
Qe8 35. Qa1 e5 $1 {[%cal Rh6e3]} 36. dxe6 Qxe6 37. Qd4 h3 38. Qd5 hxg2+ 39.
Kxg2 Qg4+ 40. Kf2 Qh4+ 41. Ke2 Qg4+ 42. Kd2 Qg2+ 43. Kd3 Qf1+ 44. Kc2 Bg7 45.
b5 Qa1 46. Qb3 axb5 47. axb5 Qh1 48. Qd5 Qa1 49. Bd2 Kg8 50. Qb3 Qa8 51. Kd3
Qa1 52. Kc2 Qh1 53. Qb4 d5 54. b6 d4 55. b7 Qxe4+ 56. Kb2 1-0